00889nam a2200241 a 450000100100000000500170001000800410002704000250006824000420009324500770013525000110021226000510022330000210027450000420029550000350033750400320037270000270040470000280043170000270045970000330048695201110051999900170063000004023720201002034013.0130819s1972 ag 000 0 spa d aDO-SdBNPbspacBNPHU00aRecherches SémiologiqueslEspañol03aLa semiología /cRoland Barthes... [et. al.] ; traductor Silvia Delpy. a2a ed. aBuenos Aires :bTiempo Contemporáneo,c1972. a199 p. ;c23 cm. aIncluye notas al pie de las páginas aTraducido del idioma francés aBibliografía : p. 187-1961 aBremond, Claude9281851 aTodorov, Tzvetan9665001 aMetz, Christian9665011 aDelpy, Silvia,etrad.966502 001054708MOaGRbGRcCTd2013-08-19iLF1l0o p40237-10r2020-06-25w2020-06-25y4ZPréstamo en sala c39727d39727